000
00276nam a2200121Ia 4500
008
231106s2018 xx 000 0 und d
041
_a
eng
082
_a
760.28
100
_a
JUDY MARTIN
245
_a
INDIAN ART : CLOSE UP
260
_b
SEARCH PRESS
_c
2018
300
_a
P-176
999
_c
920199
_d
920199